000 00651cam a22002172 4500
001 0000012949
005 20151217145858.0
008 090513s xx 000 0 eng d
020 _a1405835411
040 _aKABU
_cKABU
050 0 _aLB1051
_b.W66 2007
100 1 _aWoolfolk, Anita.
_@0000153573
245 1 0 _aPsychology in education /
_cAnita Woolfolk, Malcolm Hughes, Vivienne Walkup.
250 _a1st ed.
260 _aHarlow, England :
_bPearson,
_c2008.
300 _axxiv, 797 p.
650 0 _aEducational psychology.
_@0000153557
852 1 _9p3555 KES
908 _a090513
950 _@1
999 _c3629
_d3629